| 000 | 01566cam a2200373 i 4500 | ||
|---|---|---|---|
| 003 | SA-RiAUC | ||
| 005 | 20241028135654.0 | ||
| 008 | 241027s2009____ku g b f000 0 ara c | ||
| 020 | _a9789990667875 | ||
| 040 |
_aKW-KcNLK _bara _cSA-RiAUC _dKW-KwMAI _erda |
||
| 082 | 0 | 4 |
_a229.4128 _qSA-RiAUC |
| 090 |
_a229.4128 _b ا ب و ع |
||
| 100 | 1 |
_aأبو عودة، عودة خليل، _d1940- _eمؤلف. |
|
| 245 | 1 | 0 |
_aهو .. وهي : _bقصة الرجل والمرأة في القرآن الكريم / _cعودة خليل أبو عودة. |
| 246 | 3 | 0 | _aقصة الرجل والمرأة في القرآن الكريم |
| 250 | _aالطبعة الأولى. | ||
| 264 | 1 |
_aالكويت : _bوزارة الأوقاف والشؤون الإسلامية، قطاع الشؤون الثقافية، إدارة الثقافة الإسلامية، _c2009 |
|
| 300 |
_a270 صفحة ؛ _c21 سم. |
||
| 336 |
_aنص _btxt _2rdacontent _3كتاب |
||
| 337 |
_aبدون وسيط _bn _2rdamedia |
||
| 338 |
_aمجلد _bnc _2rdacarrier |
||
| 490 | 1 |
_aروافد. _aمراجعات ؛ _v18 |
|
| 504 | _aببليوجرافية : صفحة 263-270. | ||
| 506 | 0 | _aيهدى ولا يباع. | |
| 520 | 0 | _aالإنسان في القرآن. | |
| 650 | 7 |
_aالإنسان في القرآن _2aucsh |
|
| 650 | 7 |
_aالرجال في القرآن _2aucsh |
|
| 650 | 7 |
_aالمرأة في القرآن _2aucsh |
|
| 730 | 2 | 2 | _aالقرآن |
| 830 | 0 |
_aروافد. _pمراجعات _v18 |
|
| 856 | 4 | _uBOOKS/177 | |
| 942 |
_2ddc _cBOOK _n0 |
||
| 949 |
_aSA-JeALM _d241027 _umohamedma123 _n1 |
||
| 999 |
_c1820 _d1820 |
||